| 000 -LEADER |
| fixed length control field |
00334cam a22001217a 4500 |
| 008 - FIXED-LENGTH DATA ELEMENTS--GENERAL INFORMATION |
| fixed length control field |
180718b1961 xxu||||| |||| 00| 0 eng d |
| 082 ## - DEWEY DECIMAL CLASSIFICATION NUMBER |
| Classification number |
Z48 B57 |
| 100 ## - MAIN ENTRY--PERSONAL NAME |
| Personal name |
Blagburn, C.H. |
| 245 ## - TITLE STATEMENT |
| Title |
Farm planning and management |
| Statement of responsibility, etc. |
by C.H. Blagburn |
| 260 ## - PUBLICATION, DISTRIBUTION, ETC. |
| Place of publication, distribution, etc. |
London |
| Name of publisher, distributor, etc. |
Longmans |
| Date of publication, distribution, etc. |
1961 |
| 300 ## - PHYSICAL DESCRIPTION |
| Extent |
ix, 372p |
| 650 ## - SUBJECT ADDED ENTRY--TOPICAL TERM |
| Topical term or geographic name entry element |
Farm management --Planning |